000 00357nam a2200145Ia 4500
008 151213s9999 xx 000 0 und d
100 _aEvely Waugh
245 _aThe Ordeal of Gilbert Rinfold
_cEvely Waugh
250 _a1st
260 _aLondon
_bPenguing Books
_c1962
300 _a4599 p.
650 _aReference
700 _aEvely Waugh
999 _c2957
_d2957